| Tag |
First Indicator |
Second Indicator |
Subfields |
| LEADER |
00000cam a2200000 a 4500 |
| 001 |
in00005773749 |
| 005 |
20260327180335.1 |
| 006 |
m o d |
| 007 |
cr |n||||||||| |
| 008 |
240926s2024 xx o 000 0 eng d |
| 040 |
|
|
|a YDX
|b eng
|c YDX
|d OPELS
|d OCLCO
|d OCLCL
|
| 020 |
|
|
|a 9780443135682
|q (electronic bk.)
|
| 020 |
|
|
|a 0443135681
|q (electronic bk.)
|
| 020 |
|
|
|z 9780443135675
|
| 020 |
|
|
|z 0443135673
|
| 035 |
|
|
|a (OCoLC)1457230687
|
| 050 |
|
4 |
|a TP374
|
| 082 |
0 |
4 |
|a 664/.09
|2 23/eng/20241016
|
| 049 |
|
|
|a TXAM
|
| 245 |
0 |
0 |
|a Sustainable materials for food packaging and preservation :
|b food security and.
|
| 260 |
|
|
|a [S.l.] :
|b Elsevier,
|c 2024.
|
| 300 |
|
|
|a 1 online resource
|
| 336 |
|
|
|a text
|b txt
|2 rdacontent
|
| 337 |
|
|
|a computer
|b c
|2 rdamedia
|
| 338 |
|
|
|a online resource
|b cr
|2 rdacarrier
|
| 650 |
|
0 |
|a Food
|x Packaging
|x Materials.
|
| 650 |
|
0 |
|a Sustainable engineering.
|
| 650 |
|
6 |
|a Aliments
|x Conditionnement
|x Matériaux.
|
| 650 |
|
6 |
|a Ingénierie durable.
|
| 655 |
|
7 |
|a Electronic books.
|2 local
|
| 710 |
2 |
|
|a ScienceDirect (Online service)
|
| 776 |
0 |
8 |
|c Original
|z 0443135673
|z 9780443135675
|w (OCoLC)1419059989
|
| 856 |
4 |
0 |
|u http://proxy.library.tamu.edu/login?url=https://www.sciencedirect.com/science/book/9780443135675
|z Connect to the full text of this electronic book
|t 0
|
| 955 |
|
|
|a Elsevier ScienceDirect 2026-2027
|
| 994 |
|
|
|a 92
|b TXA
|
| 999 |
f |
f |
|i dc5959a9-6013-4081-baa0-9b0bcfce2439
|s baa1e114-e919-4c6a-9aea-9f9f4056a7a8
|t 0
|
| 952 |
f |
f |
|a Texas A&M University
|b College Station
|c Electronic Resources
|s www_evans
|d Available Online
|t 0
|e TP374
|h Library of Congress classification
|
| 998 |
f |
f |
|a TP374
|t 0
|l Available Online
|